书目信息 |
| 题名: |
化学实验的尝试与改进
|
|
| 作者: | 孙文忠 编 | |
| 分册: | ||
| 出版信息: | 北京 北京师范大学出版社 1984 |
|
| 页数: | 134页 | |
| 开本: | 19cm | |
| 丛书名: | ||
| 单 册: | ||
| 中图分类: | O6-33 | |
| 科图分类: | ||
| 主题词: | 化学实验 | |
| 电子资源: | ||
| ISBN: | ||
| 000 | 00658nam0 2200229 45 | |
| 001 | 0184002220 | |
| 005 | 20060524172117.87 | |
| 010 | @dCNY0.42 | |
| 091 | @a7243.195 | |
| 100 | @a19950421d1984 emky0chiy0121 ea | |
| 101 | 0 | @achi |
| 102 | @aCN@b110000 | |
| 105 | @af z 000yy | |
| 200 | 10 | @a化学实验的尝试与改进@Ahua xue shi yan de chang shi yu gai jin@f孔文忠等编@FKong Wen Zhong Deng Bian |
| 210 | @a北京@c北京师范大学出版社@d1984 | |
| 215 | @a134页@c图@d19cm | |
| 606 | 0 | @a化学实验 |
| 690 | @aO6-33@v3 | |
| 701 | 0 | @a孙文忠@Asun wen zhong@4编 |
| 801 | 2 | @aCN@bNLC@c20060524 |
| 801 | 0 | @aCN@b上海图书馆@c20040518 |
| 905 | @dO6-33@e149@f1@b123279 | |
| 化学实验的尝试与改进/孔文忠等编.-北京:北京师范大学出版社,1984 |
| 134页:图;19cm |
| ISBN :CNY0.42 |
| ● |
| 相关链接 |
|
|
|
|
正题名:化学实验的尝试与改进
索取号:O6-33/149
 
预约/预借
| 序号 | 登录号 | 条形码 | 馆藏地/架位号 | 状态 | 备注 |
| 1 | 0123278 | 000336620 | 第三借阅区/ [索取号:O6-33/149] | 在馆 | |
| 2 | 0123279 | 000339404 | 第三借阅区/ [索取号:O6-33/149] | 在馆 | |
| 3 | 0123280 | 000339397 | 第三借阅区/ [索取号:O6-33/149] | 在馆 | |
| 4 | 0123281 | 000339351 | 第三借阅区/ [索取号:O6-33/149] | 在馆 | |
| 5 | 0123282 | 202100546 | 第二样本阅览室/ [索取号:O6-33/149] | 在馆 | |
| 6 | 0159542 | 000339379 | 第三借阅区/ [索取号:O6-33/149] | 在馆 | |
| 7 | 0159543 | 000339360 | 第三借阅区/ [索取号:O6-33/149] | 在馆 | |
| 8 | 0159544 | 000339413 | 第三借阅区/ [索取号:O6-33/149] | 在馆 | |
| 9 | 0159545 | 000339388 | 第三借阅区/ [索取号:O6-33/149] | 在馆 | |
| 10 | 0159546 | 202378391 | 密集书库/ [索取号:O6-33/149] | 在馆 |